Amate (notice nᵒ 3701)
[ vue normale ]
| 000 -Sello discográfico | |
|---|---|
| campo de control de longitud fija | 00925nam a2200277 4500 |
| 005 - Identificación de versión | |
| campo de control | 20251016083645.0 |
| 035 ## - Otros números de control del sistema | |
| Número de control del sistema | 33023 |
| 099 ## - fechas locales | |
| Tipo de ítem Koha | LIBRO |
| 100 ## - Datos de procesamiento general | |
| Datos de procesamiento general | 20120130d2000 m y1spay5003 ba |
| 105 ## - Campo de datos codificados: Material textual, monográfico | |
| Datos codificados de monografía | a 001zy |
| 200 1# - Título y mención de responsabilidad | |
| Título propio | Amate |
| Designación general del material | texto impreso |
| Primer mención de responsabilidad | Eduardo Rincón |
| 210 ## - Publicación, distribución, etc. | |
| Lugar de publicación, distribución, etc. | México |
| Nombre del editor, distribuidor, etc. | Instituto de Cultura de Morelos |
| -- | Frontespizio |
| Fecha de publicación, distribución, etc. | 2000 |
| 215 ## - Descripción física | |
| Designación de material específico y extensión del ítem | 43 p |
| Otras características físicas | fot. |
| Dimensiones | 18 cm |
| 300 ## - Notas generales | |
| Texto de la nota | Exposición del Museo y Centro de Documentación histórica del ex Convento de Tepoztlán, Morelos. Enero 20 a febrero 25 del 2001 |
| 345 ## - Nota de información de adquisición | |
| Fuente de adquisición/dirección de la suscripción [OBSOLETO] | Donación 'Salon du Livre 2009' |
| 600 ## - Nombre personal usado como materia | |
| Elemento de entrada | Rincón |
| Parte del nombre distinta del elemento de entrada | Eduardo |
| Subdivisión temática | Exposiciones |
| Número Koha | 7391 |
| 660 ## - Código de área geográfica | |
| Código | MX |
| 702 ## - Nombre personal - Responsabilidad secundaria | |
| Elemento de entrada | Rincón |
| Parte del nombre distinta del elemento de entrada | Eduardo |
| Número Koha | 7392 |
| 801 #0 - Fuente de origen | |
| País | FR |
| Agencia | cm |
| Reglas de catalogación (convenciones descriptivas) | AFNOR |
| 900 ## - | |
| -- | 1/17818 |
| 900 ## - | |
| -- | 710989422\\021298 |
| 942 ## - ELEMENTOS DE ENTRADA SECUNDARIOS (KOHA) | |
| Tipo de ítem Koha | Livre |
| 996 ## - | |
| -- | MEX |
| -- | 751145101 |
| -- | MMAG |
| -- | 001563 |
| -- | 972.47 R579AM |
| -- | 20120130LIV |
| Estatus retirado | Estado de daño | Estado de pérdida | Fecha de adquisición | Biblioteca de origen | Biblioteca actual | Ubicación en estantería | Código de barras | Precio de reemplazo | Signatura topográfica completa | No para préstamo | Tipo de ítem Koha | Nota pública | Nota no pública |
|---|---|---|---|---|---|---|---|---|---|---|---|---|---|
| 05/08/2025 | Casa México Paris | Casa México Paris | 001563 | 05/08/2025 | 972.47 R579AM | Livre | 20120130LIV | 751145101 |